000 006800000a22001090004500
100 1 _aAckerman, Charbel
245 1 0 _aDoble provocación : Gilbert y George en dos mil metros cuadrados de la Tate Modern
300 _aVol.0, núm.19 (Abril, 2007), Páginas 28-29
520 _aSon las dos estrellas del mundo artístico británico desde hace cuarenta años. Sus esculturas son protagonizadas por ellos mismos, sus bromas son pesadas, sus imágenes son todo menos solemnes. Esta es la historia de dos marginales que lograron doblegar las estrictas normas de uno de los museos más famosos del mundo sin inmutarse.
773 0 _tArcadia / Andrés Felipe Solano, Editor
942 _cANA
999 _c62095
_d62095